Pedagogía museística: nuevas perspectivas y tendencias actuales
Guardat en:
| Autor principal: | |
|---|---|
| Format: | Llibre |
| Idioma: | espanyol |
| Publicat: |
Barcelona
Ariel
2004
|
| Col·lecció: | Ariel Patrimonio
|
| Matèries: | |
| Etiquetes: |
Afegir etiqueta
Sense etiquetes, Sigues el primer a etiquetar aquest registre!
|
MARC
| LEADER | 00000nam a2200000 a 4500 | ||
|---|---|---|---|
| 001 | UCL5972 | ||
| 003 | CL-VaPUC | ||
| 008 | 040326e20040000SP |||||||||||||||||spa|d | ||
| 020 | |a 8434467100 | ||
| 082 | 0 | 4 | |a 708.0071 |b PAS |2 21 |
| 100 | |a Pastor Homs, María Inmaculada |e autora |9 483686 | ||
| 245 | 1 | 0 | |a Pedagogía museística: nuevas perspectivas y tendencias actuales |
| 300 | |a 187 p | ||
| 942 | |c BK | ||
| 945 | |d 20040326 00:00:00 |a cmena | ||
| 260 | |a Barcelona |b Ariel |c 2004 | ||
| 650 | 0 | |a Museos |9 269209 | |
| 650 | 7 | |a MUSEOLOGIA |2 CL-VaPUC |9 449670 | |
| 650 | 0 | |a Métodos de enseñanza |9 270413 | |
| 650 | 0 | |a Patrimonio cultural |9 309364 | |
| 583 | |a last modification |c 20040326 00:00:00 |k Rodrigo Vera | ||
| 490 | 0 | |a Ariel Patrimonio | |
| 999 | |c 308286 |d 308284 | ||
| 952 | |0 0 |1 0 |4 0 |6 708_007100000000000_PAS_2004 |7 0 |8 A |9 374647 |a BIBARQ |b BIBARQ |d 2019-11-21 |i 3998290 |o 708.0071 PAS 2004 |p 3998290 |r 2025-01-20 |w 2019-11-21 |y BK |k ARQ | ||